| 000 | 00591nam a2200193Ia 4500 | ||
|---|---|---|---|
| 005 | 20250508150600.0 | ||
| 008 | 008 250505s9999 xx 000 0 eng d | ||
| 037 | _aTextual | ||
| 040 |
_aFEDL _beng _cFEDL |
||
| 041 |
_aeng _2eng |
||
| 084 |
_a370.9, GRA _qFEDL |
||
| 100 |
_aGraves Frank Pierrepont _9756907 |
||
| 245 | 0 | _aHistory of education : During the middle ages and the transition to modern times | |
| 260 |
_aNew York, USA _bThe Macmillan Company _c1910 |
||
| 300 | _axv,328p. | ||
| 650 | _aEducation | ||
| 942 |
_cTEXL _h370.9, GRA |
||
| 999 |
_c1324389 _d1324389 |
||